[Event "EU-Cup 36th"]
[Site "Struga"]
[Date "2021.09.23"]
[Round "6.6"]
[White "Cooney, Brendan"]
[Black "Bjugn, Gisle"]
[Result "1/2-1/2"]
[WhiteElo "1818"]
[BlackElo "1867"]
[PlyCount "61"]
[EventDate "2021.09.18"]
[EventType "team-swiss"]
[EventRounds "7"]
[EventCountry "MKD"]
[SourceTitle "CBM 204 Extra"]
[Source "ChessBase"]
[SourceDate "2021.11.30"]
[SourceVersion "1"]
[SourceVersionDate "2021.11.30"]
[SourceQuality "1"]
[WhiteTeam "St Benildus"]
[BlackTeam "Baerum"]
[WhiteTeamCountry "IRL"]
[BlackTeamCountry "NOR"]

1. e4 c6 2. d4 d5 3. Nc3 dxe4 4. Bc4 Nf6 5. f3 Bf5 6. g4 Bg6 7. g5 Nd5 8. fxe4 Nxc3 9. bxc3 Bxe4 10. Nf3 Bd5 11. Bd3 e6 12. 0-0 Bd6 13. c4 Bxf3 14. Qxf3 Qe7 15. d5 g6 16. dxe6 0-0 17. exf7+ Rxf7 18. Qxf7+ Qxf7 19. Rxf7 Kxf7 20. Bb2 Nd7 21. Rf1+ Kg8 22. Kg2 Bc5 23. h4 Re8 24. Bc3 Nf8 25. Re1 Rxe1 26. Bxe1 Kf7 27. Kg3 Ne6 28. Bd2 Nd4 29. Kg4 Ne6 30. h5 a6 31. h6 1/2-1/2

[Event "EU-Cup 36th"]
[Site "Struga"]
[Date "2021.09.22"]
[Round "5.6"]
[White "Cooney, Brendan"]
[Black "Johansson, Eva"]
[Result "1/2-1/2"]
[WhiteElo "1818"]
[BlackElo "1847"]
[PlyCount "81"]
[EventDate "2021.09.18"]
[EventType "team-swiss"]
[EventRounds "7"]
[EventCountry "MKD"]
[SourceTitle "CBM 204 Extra"]
[Source "ChessBase"]
[SourceDate "2021.11.30"]
[SourceVersion "1"]
[SourceVersionDate "2021.11.30"]
[SourceQuality "1"]
[WhiteTeam "St Benildus"]
[BlackTeam "Pelaro Alingsas"]
[WhiteTeamCountry "IRL"]
[BlackTeamCountry "SWE"]

1. e4 d6 2. d4 Nf6 3. Nc3 g6 4. Be3 c6 5. Qd2 b5 6. Bd3 Nbd7 7. h3 Nb6 8. Nf3 a6 9. 0-0 Bg7 10. Bh6 0-0 11. Bxg7 Kxg7 12. Rfe1 Qc7 13. Qf4 Bb7 14. e5 Nfd5 15. Qh4 dxe5 16. dxe5 Nxc3 17. bxc3 c5 18. Be4 h6 19. Qg3 Bxe4 20. Rxe4 Rad8 21. Rh4 Rh8 22. Re1 Nc4 23. Rg4 Rd5 24. Rf4 e6 25. Rg4 Rhd8 26. h4 Nd2 27. h5 Nxf3+ 28. gxf3 Kh8 29. hxg6 fxg6 30. Rxg6 Qh7 31. Re4 Rg8 32. Reg4 Rxg6 33. Rxg6 Rd8 34. Kh2 Rg8 35. Rxg8+ Qxg8 36. Qf4 Qg7 37. Qe4 Qf8 38. Qg4 Qg7 39. f4 Kh7 40. f3 Qg6 41. Kg3 1/2-1/2